000 00639nam a2200217 4500
003 OSt
005 20240723030428.0
006 a
008 240723b |||||||| |||| 00| 0 eng d
020 _a9789712353550
040 _aDWCL-Main lib.
_cOC
082 _2First edition
_aFil. 370 Aq657f 2009
100 _aAquino, Avelina M.
245 _aFacilitating human learning /
250 _aFirst edition
260 _aManila:
_bRex Book Store,
_cc2009.
300 _axx,
_b373 p. : ill. ;
_c26 cm.
504 _aIncludes bibliographical references & index.
650 _a1. Education.
942 _2ddc
_n0
_cBK - FIL
_eFirst edition
_kFil.
999 _c2583
_d2583